| 000 | 00556nam a2200193 4500 | ||
|---|---|---|---|
| 001 | 123399 | ||
| 003 | ES-MaACL | ||
| 005 | 20250602063224.0 | ||
| 007 | t| | ||
| 008 | 070214s1921 it r ||||1| ita d | ||
| 100 | 0 |
_aRadek, Karl, _d1885-1939 _994914 |
|
| 245 | 1 | 0 |
_aDittatura proletaria e terrorismo / _cKarl Radek. |
| 260 |
_aMilano : _bAvanti, _c1921. |
||
| 300 |
_a62 p. ; _c23 cm. |
||
| 490 | 1 | _aProblemi della rivoluzione | |
| 830 | 0 |
_aProblemi della rivoluzione _9187625 |
|
| 852 |
_aES-MaACL _j1629-F-10 |
||
| 999 |
_c123399 _d123399 |
||